000 00772nam a22002417a 4500
999 _c10255
_d10255
003 MIRAKIL
005 20230222124152.0
008 230222b tu ||||| |||| 00| 0 tur d
020 _a9786053600930
040 _aTR-AnCHP
_btur
_cTR-AnCHP
041 _atur
082 _a128
_bM65y 2014
100 _aMorin, Edgar
245 _aYitik paradigma: İnsan doğası/
_cEdgar Morin; çeviren Devrim Çetinkasap.
250 _a2. bs.
260 _aİstanbul:
_bTürkiye İş Bankası Kültür Yayınları,
_c2014.
300 _a220 s.:
_bgrf.;
_c23 sm.
440 _aTürkiye İş Bankası Kültür Yayınları
_v2092.
504 _aKaynakça ve dizin vardır.
650 0 _96754
_aAntropoloji
_xFelsefi açıdan
700 _aDevrim Çetinkasap
_eçev.
942 _2ddc
_cBKS